Normal view
MARC view
Entry Uniform Title
001 - CONTROL NUMBER
- control field: 37718
003 - CONTROL NUMBER IDENTIFIER
- control field: dpl
005 - DATE AND TIME OF LATEST TRANSACTION
- control field: 20111227163951.0
008 - FIXED-LENGTH DATA ELEMENTS
- fixed length control field: 111227|||a|||||| | ||| d
040 ## - CATALOGING SOURCE
- Original cataloging agency: dpl
- Transcribing agency: dpl
130 ## - HEADING--UNIFORM TITLE
- Uniform title: Investigate
670 ## - SOURCE DATA FOUND
- Source citation: Work cat.: (dpl): Oxlade, Chris 37717, Sound /, 2009
670 ## - SOURCE DATA FOUND
- Source citation: Work cat.: (dpl): Oxlade, Chris 37717, Sound /, 2009
